[Event "Berkeley International"]
[Site "Berkeley"]
[Date "2011.01.04"]
[Round "5"]
[White "Sipos, Istvan"]
[Black "Kraai, Jesse"]
[Result "1/2-1/2"]
[WhiteElo "2409"]
[BlackElo "2516"]
[PlyCount "81"]
[EventDate "2011.01.02"]
[EventRounds "10"]
[EventCountry "USA"]
[SourceDate "2011.01.03"]

1. c4 Nf6 2. Nc3 e5 3. Nf3 Nc6 4. g3 d5 5. cxd5 Nxd5 6. Bg2 Nb6 7. O-O Be7 8.
a3 O-O 9. b4 Re8 10. d3 Bf8 11. Be3 a5 12. b5 Nd4 13. Nd2 Nf5 14. Bxb6 cxb6 15.
Nc4 Bc5 16. e3 Rb8 17. Na4 Nd6 18. Nxe5 Bxe3 19. d4 Bg5 20. Bd5 Be6 21. Qb3 Nf5
22. Bxe6 Rxe6 23. Qf3 Qxd4 24. Nxf7 Kxf7 25. Qxf5+ Bf6 26. Qc2 Rd8 27. Rad1 Qe5
28. Qb3 Rxd1 29. Rxd1 Kg6 30. Nc3 Rd6 31. Nd5 Kh6 32. Qc4 g5 33. Kg2 Qe6 34. h3
a4 35. Qd3 Rd8 36. Qf3 Rd6 37. Rd3 Bb2 38. Qf8+ Bg7 39. Qf3 Bb2 40. Qf8+ Bg7
41. Qf3 1/2-1/2

[Event "Berkeley International"]
[Site "Berkeley"]
[Date "2011.01.04"]
[Round "5"]
[White "Yankovsky, Roman"]
[Black "Bykhovsky, Anatoly"]
[Result "0-1"]
[WhiteElo "2359"]
[BlackElo "2510"]
[PlyCount "76"]
[EventDate "2011.01.02"]
[EventRounds "10"]
[EventCountry "USA"]
[SourceDate "2011.01.03"]

1. e4 c5 2. Nf3 Nc6 3. d4 cxd4 4. Nxd4 Nf6 5. Nc3 d6 6. g3 g6 7. Nde2 b6 8. Bg2
Ba6 9. O-O Bg7 10. Nd5 Nd7 11. Rb1 Rc8 12. b3 O-O 13. Bb2 Bxb2 14. Rxb2 e6 15.
Ndf4 Qf6 16. c3 Nce5 17. f3 g5 18. Nh3 Qe7 19. f4 gxf4 20. Nhxf4 Nc5 21. Rd2
Ng4 22. Qb1 Ne3 23. Rf2 Nxg2 24. Nxg2 Bb7 25. Rf4 f5 26. exf5 exf5 27. Nd4 Ne4
28. Re2 Rxc3 29. Qb2 Rd3 30. Nxf5 Qe5 31. Ne7+ Kg7 32. Nf5+ Kh8 33. Nge3 Qxb2
34. Rxb2 Ng5 35. Kf1 Nh3 36. Ke2 Nxf4+ 37. gxf4 Ba6 38. Kf2 d5 0-1

[Event "Berkeley International"]
[Site "Berkeley"]
[Date "2011.01.04"]
[Round "6"]
[White "Bachmann, Axel"]
[Black "Friedel, Joshua E"]
[Result "1/2-1/2"]
[WhiteElo "2548"]
[BlackElo "2508"]
[PlyCount "31"]
[EventDate "2011.01.02"]
[EventRounds "10"]
[EventCountry "USA"]
[SourceDate "2011.01.03"]

1. c4 Nf6 2. Nc3 e5 3. g3 Bb4 4. Bg2 O-O 5. e4 Bxc3 6. bxc3 c6 7. Qb3 Re8 8.
Ne2 Na6 9. Ba3 b6 10. O-O Nc5 11. Qc2 Ba6 12. d3 d5 13. Bxc5 bxc5 14. Qa4 Qc8
15. exd5 cxd5 16. Rfe1 1/2-1/2

[Event "Berkeley International"]
[Site "Berkeley"]
[Date "2011.01.04"]
[Round "6"]
[White "Bojkov, Dejan"]
[Black "Shivaji, Shivkumar"]
[Result "1-0"]
[WhiteElo "2544"]
[BlackElo "2303"]
[PlyCount "81"]
[EventDate "2011.01.02"]
[EventRounds "10"]
[EventCountry "USA"]
[SourceDate "2011.01.03"]

1. e4 e6 2. d4 d5 3. Nd2 c5 4. exd5 Qxd5 5. Ngf3 cxd4 6. Bc4 Qd6 7. O-O Nf6 8.
Nb3 Nc6 9. Nbxd4 Nxd4 10. Nxd4 a6 11. c3 Qc7 12. Bb3 Bd6 13. h3 O-O 14. Bg5 Ne4
15. Be3 b6 16. Qe2 Bb7 17. Rad1 Rfe8 18. Rfe1 Bh2+ 19. Kh1 Bf4 20. Bc2 Nf6 21.
Nf3 Nd5 22. Bxf4 Nxf4 23. Qe3 Rad8 24. Kg1 h6 25. Be4 Bd5 26. Ne5 Bxe4 27. Qxe4
Nd5 28. c4 Nf6 29. Qe3 Rxd1 30. Rxd1 Rd8 31. Rd4 Rxd4 32. Qxd4 a5 33. b3 Kf8
34. a3 Ke8 35. b4 axb4 36. axb4 Ke7 37. b5 Ke8 38. Qa1 Qb7 39. Nc6 Qc7 40. Qa8+
Kd7 41. Qf8 1-0

[Event "Berkeley International"]
[Site "Berkeley"]
[Date "2011.01.04"]
[Round "6"]
[White "Coleman, Teddy"]
[Black "Amanov, Zhanibek"]
[Result "1/2-1/2"]
[WhiteElo "2282"]
[BlackElo "2421"]
[PlyCount "54"]
[EventDate "2011.01.02"]
[EventRounds "10"]
[EventCountry "USA"]
[SourceDate "2011.01.03"]

1. d4 d5 2. c4 e6 3. Nc3 Be7 4. Nf3 Nf6 5. Bg5 h6 6. Bh4 O-O 7. e3 b6 8. Rc1
Bb7 9. Bxf6 Bxf6 10. cxd5 exd5 11. b4 c6 12. Bd3 Qd6 13. Qb3 Nd7 14. O-O a5 15.
b5 c5 16. Bf5 cxd4 17. Nxd4 Bxd4 18. exd4 Nf6 19. Rfd1 Rfe8 20. Bh3 Bc8 21. Na4
Bxh3 22. Qxh3 Re2 23. Qf3 Rae8 24. h3 Qb4 25. Nc3 Rb2 26. Nxd5 Nxd5 27. Qxd5
Qxb5 1/2-1/2

[Event "Berkeley International"]
[Site "Berkeley"]
[Date "2011.01.04"]
[Round "6"]
[White "Kavutskiy, Konstantin"]
[Black "Lobo, Richard"]
[Result "0-1"]
[WhiteElo "2170"]
[BlackElo "2262"]
[PlyCount "82"]
[EventDate "2011.01.02"]
[EventRounds "10"]
[EventCountry "USA"]
[SourceDate "2011.01.03"]

1. d4 Nf6 2. Nf3 d5 3. c4 e6 4. g3 dxc4 5. Bg2 Nc6 6. Qa4 Bb4+ 7. Bd2 Nd5 8.
Bxb4 Ndxb4 9. O-O a6 10. Ne5 O-O 11. Nxc6 Nxc6 12. Bxc6 bxc6 13. Qxc4 Rb8 14.
Qc3 Qd5 15. Nd2 Rd8 16. Nb3 e5 17. Rfd1 Bh3 18. f3 e4 19. Rac1 Rd6 20. Qc5 Qe6
21. Qe5 exf3 22. exf3 Qg6 23. Nc5 f6 24. Qe2 a5 25. Qf2 h5 26. Nd3 Qf7 27. Rc5
Qxa2 28. Rxh5 Be6 29. Rd2 Bc4 30. Nf4 g5 31. Nh3 Bf7 32. g4 Bxh5 33. gxh5 Qb1+
34. Kg2 Qf5 35. Qg3 Kh7 36. Nf2 Qf4 37. Ne4 Re6 38. Re2 Kh6 39. Rf2 Rd8 40. Nc5
Re3 41. Qh3 f5 0-1

[Event "Berkeley International"]
[Site "Berkeley"]
[Date "2011.01.04"]
[Round "6"]
[White "Kleinman, Michael"]
[Black "Evans, Bela"]
[Result "1/2-1/2"]
[WhiteElo "2127"]
[BlackElo "2262"]
[PlyCount "106"]
[EventDate "2011.01.02"]
[EventRounds "10"]
[EventCountry "USA"]
[SourceDate "2011.01.03"]

1. e4 e6 2. d4 d5 3. Nd2 c5 4. exd5 Qxd5 5. Ngf3 cxd4 6. Bc4 Qd6 7. O-O Nf6 8.
Re1 Nc6 9. Nb3 a6 10. Nbxd4 Nxd4 11. Qxd4 Qxd4 12. Nxd4 Bc5 13. Nb3 Be7 14. Be3
Bd7 15. Be2 Rc8 16. Rec1 Nd5 17. Bd4 Bf6 18. Bf3 Bc6 19. g3 Nb4 20. Bxc6+ Nxc6
21. Bxf6 gxf6 22. c3 Ne5 23. Nd4 Ke7 24. Kf1 Rhd8 25. Rd1 Nc4 26. b3 Nd6 27. c4
e5 28. Nc2 b5 29. Ne3 bxc4 30. bxc4 Nxc4 31. Nd5+ Ke6 32. Nc7+ Kf5 33. Nxa6
Rxd1+ 34. Rxd1 Ra8 35. Rc1 Nd2+ 36. Ke2 Rxa6 37. Kxd2 Rxa2+ 38. Ke3 Ra3+ 39.
Ke2 Ra2+ 40. Kf1 Kg6 41. Rc8 f5 42. Kg2 e4 43. Rc3 Rd2 44. Ra3 f4 45. gxf4 Kf5
46. Rh3 h6 47. Rxh6 e3 48. Kf3 exf2 49. Rh5+ Kg6 50. Rg5+ Kf6 51. Kg2 Rd4 52.
Ra5 Rxf4 53. Ra1 Kg5 1/2-1/2

[Event "Berkeley International"]
[Site "Berkeley"]
[Date "2011.01.04"]
[Round "6"]
[White "Lee, Andy C"]
[Black "Gurevich, Daniel"]
[Result "1-0"]
[WhiteElo "2271"]
[BlackElo "2078"]
[PlyCount "123"]
[EventDate "2011.01.02"]
[EventRounds "10"]
[EventCountry "USA"]
[SourceDate "2011.01.03"]

1. e4 c5 2. Nf3 g6 3. d4 cxd4 4. Qxd4 Nf6 5. e5 Nc6 6. Qa4 Nd5 7. Qe4 Nb6 8.
Nc3 d5 9. Qh4 Bf5 10. Bb5 a6 11. Bxc6+ bxc6 12. Nd4 Qd7 13. O-O Bg7 14. Bh6 O-O
15. e6 Qc7 16. Nxf5 gxf5 17. Bf4 Qc8 18. Rfe1 fxe6 19. Re3 Rf6 20. Ne2 Rg6 21.
Rd1 e5 22. Rxe5 Bxe5 23. Bxe5 Nc4 24. Bc3 Qc7 25. b3 Nb6 26. f4 c5 27. Be5 Qb7
28. Rd3 e6 29. Rg3 Qf7 30. Rxg6+ Qxg6 31. Qe7 Re8 32. Qc7 Nc8 33. Qxc5 Ne7 34.
Nd4 Qf7 35. Qc3 Rc8 36. Qd3 Ra8 37. Ne2 Ng6 38. Bb2 Qc7 39. g3 Qc5+ 40. Nd4 Kf7
41. Qe2 Qe7 42. Nf3 Kg8 43. h4 h6 44. Bd4 Kh7 45. Ng5+ hxg5 46. Qh5+ Kg8 47.
Qxg6+ Kf8 48. hxg5 Rc8 49. c3 Rxc3 50. Bxc3 Qc5+ 51. Kg2 Qxc3 52. Qxe6 Qb2+ 53.
Kf1 Qb1+ 54. Qe1 Qxa2 55. Qb4+ Kg8 56. Qb8+ Kh7 57. Qb7+ Kg6 58. Qxd5 Qc2 59.
Qc4 Qb2 60. Qxa6+ Kh7 61. Qh6+ Kg8 62. Qg6+ 1-0

[Event "Berkeley International"]
[Site "Berkeley"]
[Date "2011.01.04"]
[Round "6"]
[White "Liou, Yian"]
[Black "Carreto Nieto, Giovanni"]
[Result "1/2-1/2"]
[WhiteElo "2285"]
[BlackElo "2231"]
[PlyCount "131"]
[EventDate "2011.01.02"]
[EventRounds "10"]
[EventCountry "USA"]
[SourceDate "2011.01.03"]

1. e4 c5 2. Nf3 d6 3. d4 cxd4 4. Nxd4 Nf6 5. Nc3 g6 6. Be2 Bg7 7. O-O O-O 8.
Kh1 Nc6 9. Nb3 Be6 10. f4 Qc8 11. Be3 Rd8 12. Bg1 d5 13. e5 Ne4 14. Nb5 f6 15.
exf6 exf6 16. c3 f5 17. N5d4 Bf7 18. a4 Ne7 19. Qe1 a6 20. a5 Qd7 21. Bd3 Nc8
22. Nc2 Ncd6 23. Nc5 Qe7 24. Bd4 Rac8 25. b4 Re8 26. Ra3 Qd8 27. Qd1 Nxc5 28.
Bxc5 Ne4 29. Bxe4 dxe4 30. Qc1 Qh4 31. Qe3 Rcd8 32. Nd4 Bc4 33. Rf2 Qf6 34. Ra1
Rd5 35. g3 Rc8 36. Kg2 Bd3 37. Rc1 h5 38. h4 Rdxc5 39. bxc5 Rxc5 40. Rb2 Qe7
41. Ne6 Rxa5 42. Nxg7 Qxg7 43. Qb6 Rb5 44. Rxb5 Bxb5 45. Rb1 Bc6 46. c4 Qd7 47.
Qe3 a5 48. Kf2 a4 49. Ke2 Qe7 50. c5 Qd7 51. Qc3 Kf7 52. Ke3 Qd5 53. Ra1 Ke6
54. Rb1 Kf7 55. Ra1 Ke8 56. Rc1 Bb5 57. Ra1 Kf7 58. Rc1 Qa2 59. Rc2 Qb1 60. Rc1
Qa2 61. Rc2 Qd5 62. Rc1 Bd3 63. Qa3 Bb5 64. Qc3 Bc6 65. Qa3 Bb5 66. Qc3 1/2-1/2

[Event "Berkeley International"]
[Site "Berkeley"]
[Date "2011.01.04"]
[Round "6"]
[White "Manvelyan, Hayk"]
[Black "Abrahamyan, Tatev"]
[Result "0-1"]
[WhiteElo "2158"]
[BlackElo "2327"]
[PlyCount "122"]
[EventDate "2011.01.02"]
[EventRounds "10"]
[EventCountry "USA"]
[SourceDate "2011.01.03"]

1. e4 e6 2. Qe2 d5 3. exd5 Qxd5 4. Nc3 Qd8 5. g3 Nf6 6. Bg2 Be7 7. Nf3 O-O 8.
O-O c5 9. d3 Nc6 10. Be3 Nd5 11. Nxd5 exd5 12. d4 Bg4 13. Qd2 Qb6 14. c3 c4 15.
Ne5 Be6 16. f4 Rad8 17. Rf2 f6 18. Nf3 Qa5 19. Nh4 b5 20. f5 Bf7 21. Qd1 b4 22.
Bd2 bxc3 23. bxc3 Rb8 24. Qg4 Rfe8 25. Ng6 Bd6 26. Nf4 Bxf4 27. Qxf4 Rb2 28. g4
Qd8 29. h4 Qb8 30. Qf3 Re4 31. Qh3 Re7 32. g5 Kh8 33. gxf6 gxf6 34. Kh1 Qe8 35.
Bg5 Re1+ 36. Rxe1 Qxe1+ 37. Rf1 Qe7 38. Bh6 Rb8 39. Qf3 Rg8 40. Rg1 Nd8 41. Qf2
Nb7 42. Bf3 Nd6 43. Rxg8+ Bxg8 44. Bg2 Bf7 45. Qf4 Qd7 46. Bh3 Ne4 47. Kh2 Be8
48. Qe3 Qd6+ 49. Bf4 Qa3 50. Bg2 Qxa2 51. Kh3 Qc2 52. Bxe4 dxe4 53. Bh6 Bd7 54.
Qf4 Qd3+ 55. Kg2 Be8 56. Qe3 a5 57. Qxd3 cxd3 58. Bc1 e3 59. Bxe3 a4 60. Bc1 a3
61. Kf3 d2 0-1

[Event "Berkeley International"]
[Site "Berkeley"]
[Date "2011.01.04"]
[Round "6"]
[White "Pamatmat, Jarod John Munda"]
[Black "Sandberg, Evan"]
[Result "1/2-1/2"]
[WhiteElo "2100"]
[BlackElo "2173"]
[PlyCount "146"]
[EventDate "2011.01.02"]
[EventRounds "10"]
[EventCountry "USA"]
[SourceDate "2011.01.03"]

1. d4 d5 2. c4 c6 3. Nf3 Nf6 4. e3 e6 5. Nbd2 Nbd7 6. Bd3 Be7 7. O-O O-O 8. e4
dxe4 9. Nxe4 Nxe4 10. Bxe4 c5 11. Be3 cxd4 12. Nxd4 Nf6 13. Bc2 e5 14. Nf5 Bxf5
15. Bxf5 Qc7 16. Qe2 Ne8 17. f4 exf4 18. Bxf4 Qc5+ 19. Be3 Qe5 20. Rae1 Bb4 21.
Rd1 Bc5 22. Rde1 Nd6 23. Qf2 Bb4 24. Re2 Nxf5 25. Qxf5 Rae8 26. a3 Bd6 27. Qxe5
Rxe5 28. Rfe1 Rfe8 29. Kf2 Rf5+ 30. Kg1 Rxe3 31. Rxe3 Bc5 32. b4 Bd4 33. h3 Kf8
34. Kh2 Bxe3 35. Rxe3 Rf4 36. Rc3 Ke7 37. Kg3 Rd4 38. Kf2 a5 39. Ke3 Rd1 40.
Rb3 a4 41. Rd3 Rg1 42. g4 h5 43. gxh5 Rh1 44. Kd4 Kd6 45. Rg3 Ra1 46. Rxg7 Rxa3
47. Rxf7 Rxh3 48. Rxb7 Rh4+ 49. Kc3 Rxh5 50. b5 Rh1 51. Rb6+ Kc7 52. Ra6 Rh3+
53. Kb4 Rb3+ 54. Kxa4 Rb1 55. Rh6 Kb7 56. c5 Ra1+ 57. Kb4 Rb1+ 58. Kc4 Rc1+ 59.
Kd5 Rd1+ 60. Ke6 Rb1 61. Rh7+ Kb8 62. b6 Rd1 63. Rd7 Rh1 64. Rg7 Rd1 65. c6
Re1+ 66. Kd7 Rd1+ 67. Ke8 Rd6 68. Rb7+ Kc8 69. Rc7+ Kb8 70. Ke7 Rh6 71. Rb7+
Kc8 72. Rc7+ Kb8 73. Kd7 Rh7+ 1/2-1/2

[Event "Berkeley International"]
[Site "Berkeley"]
[Date "2011.01.04"]
[Round "6"]
[White "Panchanathan, Magesh"]
[Black "Sipos, Istvan"]
[Result "1-0"]
[WhiteElo "2537"]
[BlackElo "2409"]
[PlyCount "95"]
[EventDate "2011.01.02"]
[EventRounds "10"]
[EventCountry "USA"]
[SourceDate "2011.01.03"]

1. Nf3 Nf6 2. g3 c5 3. c4 g6 4. Bg2 Bg7 5. O-O O-O 6. d4 cxd4 7. Nxd4 Nc6 8.
Nc3 Ng4 9. e3 d6 10. b3 Nxd4 11. exd4 Nh6 12. Bb2 Nf5 13. Nd5 a6 14. Qd3 Rb8
15. a4 e6 16. Ne3 e5 17. Nxf5 Bxf5 18. Qe3 Qb6 19. dxe5 Qxe3 20. fxe3 dxe5 21.
Bd5 Bd3 22. Rf2 e4 23. Bf6 b6 24. Raa2 Bh6 25. Bd4 Bg7 26. Rf6 Bxf6 27. Bxf6
Rfe8 28. g4 h6 29. h4 Re6 30. Rf2 Rd6 31. g5 h5 32. Bd4 Rxd5 33. cxd5 b5 34. a5
b4 35. Rf6 Rd8 36. Rb6 Kf8 37. Bf6 Ra8 38. d6 Ke8 39. Rb7 Bb5 40. Re7+ Kf8 41.
Kf2 Rb8 42. Kg3 Ra8 43. Kf4 Rb8 44. Rxe4 Bd7 45. Re7 Bg4 46. e4 Rc8 47. Ke3 Rc1
48. d7 1-0

[Event "Berkeley International"]
[Site "Berkeley"]
[Date "2011.01.04"]
[Round "6"]
[White "Pruess, David"]
[Black "Haessel, Dale R"]
[Result "1-0"]
[WhiteElo "2377"]
[BlackElo "2198"]
[PlyCount "53"]
[EventDate "2011.01.02"]
[EventRounds "10"]
[EventCountry "USA"]
[SourceDate "2011.01.03"]

1. e4 e5 2. f4 d5 3. exd5 c6 4. Nc3 exf4 5. Nf3 Bd6 6. d4 Ne7 7. dxc6 Nbxc6 8.
Ne4 O-O 9. Bd3 Bg4 10. c3 Ng6 11. O-O Nh4 12. Qb3 Nxf3+ 13. gxf3 Bh3 14. Rf2
Re8 15. Bd2 Re6 16. Qxb7 Bc7 17. Nc5 Rh6 18. Na6 Rc8 19. Re1 g5 20. Rfe2 Bb6
21. Qxc8 Qxc8 22. Re8+ Qxe8 23. Rxe8+ Kg7 24. Nc5 Bxc5 25. dxc5 Be6 26. c4 Ne5
27. Bc3 1-0

[Event "Berkeley International"]
[Site "Berkeley"]
[Date "2011.01.04"]
[Round "6"]
[White "Ravichandran, Siddharth"]
[Black "Kiewra, Keaton F"]
[Result "0-1"]
[WhiteElo "2458"]
[BlackElo "2337"]
[PlyCount "54"]
[EventDate "2011.01.02"]
[EventRounds "10"]
[EventCountry "USA"]
[SourceDate "2011.01.03"]

1. e4 c5 2. Nf3 e6 3. Be2 Nc6 4. O-O Nf6 5. d3 Qc7 6. a4 d5 7. Nbd2 Be7 8. c3
O-O 9. Re1 b6 10. Bf1 Ba6 11. e5 Nd7 12. d4 Bxf1 13. Nxf1 cxd4 14. cxd4 Nb4 15.
Bg5 Bxg5 16. Nxg5 Qc2 17. Qh5 h6 18. Nh3 Qxb2 19. Rab1 Qxd4 20. Rbd1 Nd3 21.
Re3 N7c5 22. Qe2 Rac8 23. a5 bxa5 24. Rexd3 Nxd3 25. Rxd3 Qa1 26. Rd2 Rc1 27.
Nf4 Rb8 0-1

[Event "Berkeley International"]
[Site "Berkeley"]
[Date "2011.01.04"]
[Round "6"]
[White "Ris, Robert"]
[Black "Kuljasevic, Davorin"]
[Result "1/2-1/2"]
[WhiteElo "2418"]
[BlackElo "2545"]
[PlyCount "34"]
[EventDate "2011.01.02"]
[EventRounds "10"]
[EventCountry "USA"]
[SourceDate "2011.01.03"]

1. d4 d5 2. c4 c6 3. Nf3 Nf6 4. Nc3 dxc4 5. a4 Bf5 6. Nh4 e6 7. Nxf5 exf5 8. e3
Bb4 9. Bxc4 O-O 10. O-O Nbd7 11. Qf3 g6 12. h3 Qa5 13. Bd2 Rad8 14. Rfd1 Nb6
15. Bb3 Ne4 16. Nxe4 fxe4 17. Qe2 c5 1/2-1/2

[Event "Berkeley International"]
[Site "Berkeley"]
[Date "2011.01.04"]
[Round "6"]
[White "Shmeliov, Denis"]
[Black "Gareev, Timur"]
[Result "0-1"]
[WhiteElo "2357"]
[BlackElo "2605"]
[PlyCount "162"]
[EventDate "2011.01.02"]
[EventRounds "10"]
[EventCountry "USA"]
[SourceDate "2011.01.03"]

1. d4 d6 2. Nf3 Bg4 3. c4 Nd7 4. Qb3 Rb8 5. h3 Bh5 6. g4 Bg6 7. Bf4 Ngf6 8. Nc3
Ne4 9. Bg2 e6 10. h4 h5 11. gxh5 Rxh5 12. Nxe4 Bxe4 13. Qe3 d5 14. Rc1 Rc8 15.
Bg5 Be7 16. Rg1 c6 17. Bxe7 Qxe7 18. Nd2 Bxg2 19. Rxg2 Rxh4 20. Rxg7 Qb4 21.
Qc3 Qxc3 22. Rxc3 Rxd4 23. cxd5 Rxd5 24. Ne4 Ke7 25. f3 Rh8 26. Kf2 Rh2+ 27.
Ke3 Re5 28. Kd2 Nf6 29. Re3 Nxe4+ 30. fxe4 Kf8 31. Rg4 Rb5 32. b3 Rbh5 33. Rd3
Ke7 34. Rg8 Re5 35. Rb8 Rb5 36. Rbd8 a5 37. a4 Re5 38. R8d7+ Kf6 39. Rf3+ Kg5
40. Rdxf7 Rxe4 41. Rg7+ Kh6 42. Rxb7 Rexe2+ 43. Kc3 Kg6 44. Ra7 Rc2+ 45. Kd4
Rhd2+ 46. Ke5 Rd5+ 47. Ke4 Rcc5 48. Ra8 Re5+ 49. Kd4 Rcd5+ 50. Kc3 Rc5+ 51. Kd4
Red5+ 52. Ke4 e5 53. Rd3 Kf6 54. Rf8+ Ke7 55. Ra8 Rc1 56. Ra6 Re1+ 57. Re3
Rxe3+ 58. Kxe3 Kd6 59. Ra7 Rc5 60. Kd3 Kd5 61. Rd7+ Ke6 62. Rc7 Rd5+ 63. Ke3
Kd6 64. Ra7 Rd4 65. Rxa5 Rb4 66. Ra8 Rxb3+ 67. Ke4 Ra3 68. a5 Ra4+ 69. Kd3 Kc5
70. a6 Kb6 71. Rb8+ Kxa6 72. Ke3 Rc4 73. Kd3 Rd4+ 74. Ke3 c5 75. Re8 e4 76. Rb8
Ka5 77. Ra8+ Kb4 78. Rb8+ Kc3 79. Rc8 c4 80. Rc7 Rd1 81. Kxe4 Kb3 0-1

[Event "Berkeley International"]
[Site "Berkeley"]
[Date "2011.01.04"]
[Round "6"]
[White "Troff, Kayden"]
[Black "Cornejo, Max"]
[Result "0-1"]
[WhiteElo "2247"]
[BlackElo "2413"]
[PlyCount "80"]
[EventDate "2011.01.02"]
[EventRounds "10"]
[EventCountry "USA"]
[SourceDate "2011.01.03"]

1. d4 d5 2. c4 e6 3. Nf3 c5 4. cxd5 exd5 5. Nc3 Nc6 6. g3 c4 7. Bg2 Bb4 8. Bd2
Nge7 9. O-O O-O 10. Na4 Bd6 11. b3 b5 12. Nc5 Rb8 13. bxc4 bxc4 14. Bc3 Bg4 15.
Qd2 Bxf3 16. Bxf3 Bxc5 17. dxc5 d4 18. Bxc6 Nxc6 19. Rfd1 dxc3 20. Qxc3 Qc7 21.
Qxc4 Rfd8 22. e4 Rbc8 23. Rac1 Rxd1+ 24. Rxd1 Nd8 25. Qa4 Qxc5 26. Rd7 Nc6 27.
Qb3 Ne5 28. Rd5 Qe7 29. Kg2 g6 30. f4 Nc4 31. e5 Nb6 32. Rd6 Rd8 33. Rf6 Rd2+
34. Kh3 Qd7+ 35. f5 gxf5 36. e6 fxe6 37. Qb4 Rd6 38. Rh6 Rd4 39. Qc3 Qg7 40.
Qc1 Nc4 0-1

[Event "Berkeley International"]
[Site "Berkeley"]
[Date "2011.01.04"]
[Round "6"]
[White "Van Wely, Loek"]
[Black "Hess, Robert L"]
[Result "1-0"]
[WhiteElo "2676"]
[BlackElo "2572"]
[PlyCount "83"]
[EventDate "2011.01.02"]
[EventRounds "10"]
[EventCountry "USA"]
[SourceDate "2011.01.03"]

1. d4 Nf6 2. c4 e6 3. Nf3 Bb4+ 4. Nbd2 c5 5. a3 Bxd2+ 6. Bxd2 cxd4 7. Nxd4 Nc6
8. Bc3 O-O 9. e3 Ne4 10. Rc1 Qh4 11. g3 Nxc3 12. Rxc3 Qe4 13. f3 Qg6 14. Nb5 b6
15. Kf2 Bb7 16. Nd6 Rab8 17. Be2 Ba8 18. h4 Qf6 19. g4 Ne7 20. Qd2 e5 21. Kg3
h5 22. Rd1 Qg6 23. e4 f5 24. exf5 Rxf5 25. Nxf5 Nxf5+ 26. Kh3 Nd4 27. Qe3 Rf8
28. Rxd4 exd4 29. Qxd4 Qb1 30. gxh5 Re8 31. Bd1 Qxb2 32. h6 Re7 33. c5 Qb5 34.
cxb6 Qf1+ 35. Kh2 Re2+ 36. Bxe2 Qxe2+ 37. Kg3 Qe1+ 38. Kg4 Qe6+ 39. Kg3 Qe1+
40. Kg4 Qe6+ 41. Kf4 Qxh6+ 42. Kg3 1-0

[Event "Berkeley International"]
[Site "Berkeley"]
[Date "2011.01.04"]
[Round "6"]
[White "Yang, Darwin"]
[Black "Almeida, Alfonso S"]
[Result "1-0"]
[WhiteElo "2421"]
[BlackElo "2356"]
[PlyCount "133"]
[EventDate "2011.01.02"]
[EventRounds "10"]
[EventCountry "USA"]
[SourceDate "2011.01.03"]

1. d4 d5 2. c4 c6 3. Nc3 Nf6 4. e3 a6 5. Nf3 b5 6. c5 Bg4 7. Qb3 Nbd7 8. a4
Bxf3 9. gxf3 e5 10. Qa3 b4 11. Qxb4 Rb8 12. Qa3 a5 13. Ne2 Be7 14. Qc3 O-O 15.
Bd2 exd4 16. exd4 Rb4 17. Qc2 Rb7 18. Ng3 Qb8 19. Rb1 Re8 20. Be2 Bd8 21. O-O
Nf8 22. Rfe1 Ne6 23. Bc3 Qf4 24. Qc1 Qh4 25. Nf5 Qh3 26. Nd6 Bc7 27. Bf1 Qh4
28. Re5 Rbb8 29. Nf5 Qh5 30. Ne7+ Rxe7 31. Rxh5 Nxh5 32. Qd2 Bf4 33. Qd3 Bc7
34. Re1 Ra8 35. Qd1 g6 36. Bh3 f5 37. Bf1 Kf7 38. Bd3 Nhf4 39. Re3 Rae8 40. Ba6
Nh3+ 41. Kf1 Bf4 42. Re1 h5 43. Kg2 Nhg5 44. h4 Nh7 45. Kf1 Bh6 46. Qb3 Bg7 47.
Qb6 Nxd4 48. Rxe7+ Rxe7 49. Bxd4 Bxd4 50. Qxc6 Nf6 51. Qb5 Be5 52. Qxa5 Bxb2
53. Qb4 Be5 54. a5 Ne8 55. Bb7 Nc7 56. a6 d4 57. a7 Rd7 58. a8=Q Nxa8 59. Bxa8
d3 60. Qc4+ Kf6 61. Bd5 d2 62. Ke2 g5 63. Kxd2 gxh4 64. Qxh4+ Kg6 65. Qc4 h4
66. c6 Rd8 67. Ke2 1-0

[Event "Berkeley International"]
[Site "Berkeley"]
[Date "2011.01.04"]
[Round "6"]
[White "Yankovsky, Roman"]
[Black "Naroditsky, Daniel"]
[Result "1-0"]
[WhiteElo "2359"]
[BlackElo "2419"]
[PlyCount "77"]
[EventDate "2011.01.02"]
[EventRounds "10"]
[EventCountry "USA"]
[SourceDate "2011.01.03"]

1. e4 c5 2. Nf3 d6 3. d4 cxd4 4. Nxd4 Nf6 5. Nc3 a6 6. h3 e6 7. g4 Be7 8. Bg2
Nfd7 9. a4 Qc7 10. g5 Nc6 11. h4 Nde5 12. f4 Qb6 13. Nb3 Nc4 14. Qd3 N4a5 15.
Nxa5 Qxa5 16. Be3 Bd7 17. Qd2 h6 18. Ne2 Rc8 19. c3 Qc7 20. b4 hxg5 21. hxg5
Rxh1+ 22. Bxh1 Nd8 23. Qd3 b5 24. a5 Qc4 25. Rd1 Qxd3 26. Rxd3 Rc4 27. Ng3 Bc6
28. Bd4 f6 29. g6 e5 30. Be3 Ne6 31. f5 Ng5 32. Bxg5 fxg5 33. f6 gxf6 34. Nf5
Bxe4 35. Bxe4 Rxe4+ 36. Kd2 Rf4 37. Rh3 Rxf5 38. Rh8+ Kd7 39. g7 1-0

[Event "Berkeley International"]
[Site "Berkeley"]
[Date "2011.01.04"]
[Round "6"]
[White "Zilberstein, Dmitry"]
[Black "Collins, Sam"]
[Result "1-0"]
[WhiteElo "2386"]
[BlackElo "2436"]
[PlyCount "129"]
[EventDate "2011.01.02"]
[EventRounds "10"]
[EventCountry "USA"]
[SourceDate "2011.01.03"]

1. d4 d5 2. c4 e6 3. Nc3 c5 4. cxd5 exd5 5. Nf3 Nc6 6. g3 Nf6 7. Bg2 Be7 8. O-O
O-O 9. dxc5 Bxc5 10. Bg5 d4 11. Bxf6 Qxf6 12. Nd5 Qd8 13. Nd2 Re8 14. Rc1 Bb6
15. Re1 Ba5 16. a3 Be6 17. Nf4 Bg4 18. h3 d3 19. hxg4 dxe2 20. Rxe2 Rxe2 21.
Qxe2 Qxd2 22. Qxd2 Bxd2 23. Rc2 Rd8 24. Bxc6 bxc6 25. Rxc6 g6 26. Ra6 Rd7 27.
Kf1 Bc1 28. b4 Kg7 29. Ke2 Rd2+ 30. Kf3 Rd7 31. Ra5 Bb2 32. Ke2 Rc7 33. Nd3 Bd4
34. Rd5 Bb6 35. a4 Rc4 36. a5 Bd4 37. Rd7 a6 38. g5 Kf8 39. Rd6 Bc3 40. Rb6 Kg7
41. Kf3 h6 42. gxh6+ Kxh6 43. Rxa6 Bxb4 44. Nxb4 Rxb4 45. Rb6 Ra4 46. a6 Kg5
47. Ke3 Ra2 48. Rc6 Kg4 49. Rd6 Kg5 50. Kd3 f5 51. f4+ Kh5 52. Kc4 Ra3 53. Kb4
Ra1 54. Kb5 Ra3 55. Rd4 Kg4 56. Ra4 Rb3+ 57. Kc4 Rb8 58. Ra3 g5 59. fxg5 Kxg5
60. a7 Ra8 61. Kc5 Kg4 62. Kb6 Rh8 63. Rc3 Rg8 64. Kb7 Rg7+ 65. Kb8 1-0

[Event "Berkeley International"]
[Site "Berkeley"]
[Date "2011.01.05"]
[Round "6"]
[White "Rensch, Daniel"]
[Black "Milman, Lev"]
[Result "1-0"]
[WhiteElo "2393"]
[BlackElo "2467"]
[PlyCount "185"]
[EventDate "2011.01.02"]
[EventRounds "10"]
[EventCountry "USA"]
[SourceDate "2011.01.03"]

1. e4 c5 2. Nf3 d6 3. d4 cxd4 4. Nxd4 Nf6 5. Nc3 a6 6. Be3 e5 7. Nb3 Be6 8. f3
Be7 9. Qd2 O-O 10. O-O-O Nbd7 11. g4 Qc7 12. Kb1 b5 13. g5 Nh5 14. Nd5 Bxd5 15.
exd5 Nb6 16. Na5 Nxd5 17. Qxd5 Qxa5 18. Bc4 Qd8 19. Bb3 Bxg5 20. Bxg5 Qxg5 21.
Qxd6 a5 22. Qc6 Qf5 23. Rd7 Rac8 24. Qxb5 Kh8 25. Rhd1 Qf4 26. Qxa5 Nf6 27.
R7d2 Rce8 28. Bd5 Nxd5 29. Qxd5 f5 30. b3 e4 31. fxe4 Rxe4 32. a4 Qb8 33. Qd6
Qe8 34. Qc7 Re1 35. Qg3 Rxd1+ 36. Rxd1 f4 37. Qf3 Qe5 38. Rd5 Qe1+ 39. Kb2 h6
40. a5 Qh4 41. Rd2 Qe1 42. Qe2 Qh4 43. Qf2 Qg5 44. Qb6 f3 45. Qd6 Qf5 46. Rf2
Rf6 47. Qd8+ Rf8 48. Qd6 Rf6 49. Qd2 Rf8 50. Qc3 Qe4 51. a6 Qa8 52. Qb4 Rf7 53.
Qb6 Ra7 54. Rxf3 Rxa6 55. Rf8+ Qxf8 56. Qxa6 Qf4 57. Qe2 g5 58. c4 g4 59. b4
Kg7 60. b5 h5 61. Kc2 h4 62. b6 g3 63. hxg3 hxg3 64. b7 Qf5+ 65. Kb3 Qb1+ 66.
Qb2+ Qxb2+ 67. Kxb2 g2 68. b8=Q g1=Q 69. Qe5+ Kf8 70. c5 Qg2+ 71. Kb3 Qf3+ 72.
Kc4 Qf7+ 73. Qd5 Qf1+ 74. Kb4 Qf4+ 75. Qc4 Qd2+ 76. Kb5 Qb2+ 77. Qb4 Qe5 78.
Ka6 Qa1+ 79. Kb6 Qg1 80. Qe4 Qf2 81. Qe5 Qg1 82. Kc7 Kf7 83. c6 Qa7+ 84. Kd8
Qa8+ 85. Kd7 Qa4 86. Qd5+ Kf8 87. Ke6 Kg7 88. c7 Qg4+ 89. Ke7 Qh4+ 90. Kd7 Qh3+
91. Qe6 Qd3+ 92. Ke7 Qa3+ 93. Ke8 1-0